000 00628naa a2200217 i 4500
001 77164
003 ES-MaBCM
005 20241016120434.0
008 010828s2001 fra 000 0 fre d
021 _axx
035 _a(OCoLC)1365152779
040 _cES-MaBCM
041 0 _afre
043 _afra
100 1 _aDufour, Patrice
_913513
245 1 0 _aLa Banque Mondiale et la lutte contre la pauvreté
_cPatrice Dufour
650 2 4 _aBanco Mundial
_950581
650 2 7 _aDesarrollo económico
_958375
773 0 _aEn:
_tLes cahiers français
_dParis : 2001
_w104353
_gnº 302, mai-juin, p. 56-65. - Loc. S.79
942 _cAREV
999 _c77164
_d77164